[Event "Benidorm 2013 - Torneo sub2300"]
[Site "Benidorm ESP"]
[Date "2013.12.03"]
[Round "6.8"]
[White "Gomez Dieguez, David"]
[Black "Royset, Pal"]
[Result "0-1"]
[WhiteElo "2164"]
[BlackElo "2190"]
[PlyCount "88"]
[EventDate "2013.11.29"]
[EventType "swiss"]
[EventRounds "10"]
[EventCountry "ESP"]
[Source "lmi"]
[SourceDate "2013.11.29"]

1. e4 c5 2. Nf3 d6 3. Bc4 Nf6 4. e5 dxe5 5. Nxe5 e6 6. Qe2 Bd6 7. f4 O-O 8. b3
Nd5 9. O-O f6 10. Nd3 Nc6 11. Bb2 a6 12. a4 Na5 13. Nc3 Nc7 14. Rf3 Bd7 15. Ne4
Bc6 16. Rg3 Bxe4 17. Qxe4 Qd7 18. Nf2 b5 19. Bd3 f5 20. Qf3 g6 21. Bf1 Nd5 22.
Nd3 Nc6 23. h4 Nd4 24. Qf2 Nf6 25. Rh3 Ne4 26. Qe1 Nxc2 27. Qc1 Nxa1 28. Bxa1
h5 29. Qb2 Kh7 30. Ne5 Qa7 31. Kh2 Nf2 32. Nc6 Qc7 33. Rf3 Ng4+ 34. Kh3 bxa4
35. bxa4 Rf7 36. Ne5 Bxe5 37. fxe5 Rb8 38. Qc3 Qc6 39. d4 Rc7 40. Qd2 cxd4 41.
Bxd4 Qxa4 42. Rc3 Rb3 43. g3 Rbxc3 44. Bxc3 Qc6 0-1

[Event "Benidorm 2013 - Torneo sub2300"]
[Site "Benidorm ESP"]
[Date "2013.12.03"]
[Round "6.9"]
[White "Rodriguez Fontecha, Marcos"]
[Black "Nicolas Zapata, Irene"]
[Result "1/2-1/2"]
[WhiteElo "2300"]
[BlackElo "2241"]
[PlyCount "71"]
[EventDate "2013.11.29"]
[EventType "swiss"]
[EventRounds "10"]
[EventCountry "ESP"]
[Source "lmi"]
[SourceDate "2013.11.29"]

1. d4 d5 2. Bf4 Nf6 3. e3 c5 4. c3 Nc6 5. Nd2 Bf5 6. Qb3 Qd7 7. Ngf3 c4 8. Qb5
Qc8 9. b3 Bd7 10. bxc4 e5 11. dxe5 Nb4 12. Qxb4 Bxb4 13. cxb4 Nh5 14. c5 a5 15.
e6 fxe6 16. Bd6 axb4 17. Ne5 Nf6 18. Bd3 Ra3 19. Nb3 Bc6 20. O-O Ne4 21. Bxe4
dxe4 22. Nd4 Rf8 23. Rfb1 Rf5 24. Nc4 Rc3 25. Rxb4 Rxc4 26. Rxc4 Rg5 27. Bf4
Bd5 28. Nb5 Qc6 29. Nd6+ Kf8 30. Rc3 Rh5 31. Rb1 Bxa2 32. Rxb7 Rxc5 33. Be5
Rxc3 34. Rf7+ Kg8 35. Rxg7+ Kf8 36. Rf7+ 1/2-1/2

[Event "Benidorm 2013 - Torneo sub2300"]
[Site "Benidorm ESP"]
[Date "2013.12.03"]
[Round "6.10"]
[White "Ballesteros Gonzalez, David"]
[Black "Quintin Navarro, Alberto"]
[Result "0-1"]
[WhiteElo "2262"]
[BlackElo "2288"]
[PlyCount "69"]
[EventDate "2013.11.29"]
[EventType "swiss"]
[EventRounds "10"]
[EventCountry "ESP"]
[Source "lmi"]
[SourceDate "2013.11.29"]

1. Nf3 Nf6 2. d4 g6 3. c4 Bg7 4. Nc3 d6 5. e4 Bg4 6. Be2 Nfd7 7. Be3 c5 8. d5
Na6 9. O-O O-O 10. Qd2 Nc7 11. a4 Re8 12. h3 Bxf3 13. Bxf3 e6 14. Bg5 Qb8 15.
Rad1 exd5 16. exd5 Na6 17. Rfe1 Ne5 18. Be2 Nb4 19. f4 Nd7 20. Bg4 Nf6 21. Bf3
a6 22. f5 Qc7 23. Ne4 Nxe4 24. Bxe4 Bd4+ 25. Kh1 f6 26. Bh6 g5 27. h4 gxh4 28.
Bf3 Rxe1+ 29. Rxe1 Be5 30. Re4 Kh8 31. Rxh4 Re8 32. Bh5 Re7 33. Rh3 Qd7 34. Bf8
Qxf5 35. Bxe7 0-1

[Event "Benidorm 2013 - Torneo sub2300"]
[Site "Benidorm ESP"]
[Date "2013.12.03"]
[Round "6.11"]
[White "Navarro Lopez-Menchero, Daniel"]
[Black "Santagati, Alessandro"]
[Result "0-1"]
[WhiteElo "2283"]
[BlackElo "2216"]
[PlyCount "46"]
[EventDate "2013.11.29"]
[EventType "swiss"]
[EventRounds "10"]
[EventCountry "ESP"]
[Source "lmi"]
[SourceDate "2013.11.29"]

1. e4 e6 2. d4 d5 3. Nc3 Nc6 4. Nf3 Nf6 5. Bg5 Be7 6. e5 Ne4 7. Bxe7 Qxe7 8. a3
Nxc3 9. bxc3 Bd7 10. Bd3 Na5 11. O-O c5 12. Nd2 Ba4 13. Nb3 Bxb3 14. cxb3 cxd4
15. cxd4 O-O 16. f4 g6 17. g4 Qh4 18. Kh1 Rac8 19. f5 exf5 20. gxf5 Qxd4 21.
Qd2 Rc3 22. Qh6 Qxd3 23. f6 Qe4+ 0-1

[Event "Benidorm 2013 - Torneo sub2300"]
[Site "Benidorm ESP"]
[Date "2013.12.03"]
[Round "6.12"]
[White "Hristodorescu, Daniel"]
[Black "Lopez Del Alamo, Antonio"]
[Result "1/2-1/2"]
[WhiteElo "2207"]
[BlackElo "2281"]
[PlyCount "86"]
[EventDate "2013.11.29"]
[EventType "swiss"]
[EventRounds "10"]
[EventCountry "ESP"]
[Source "lmi"]
[SourceDate "2013.11.29"]

1. e4 c5 2. Nf3 e6 3. d4 cxd4 4. Nxd4 Nf6 5. Nc3 d6 6. f4 Be7 7. Qf3 a6 8. Be3
Qc7 9. Bd3 Nc6 10. O-O O-O 11. Kh1 Nb4 12. a3 Nxd3 13. cxd3 Bd7 14. Rac1 Qb8
15. g4 b5 16. g5 Ne8 17. Rc2 a5 18. f5 b4 19. f6 Bd8 20. fxg7 Nxg7 21. Nd1 Qb7
22. Rg2 Be7 23. Nf2 e5 24. Ne2 f5 25. gxf6 Rxf6 26. Qh5 Be8 27. Qh3 Bg6 28.
Rfg1 Raf8 29. Ng3 Qc8 30. Qh6 Qe6 31. Nf5 Nxf5 32. exf5 Qxf5 33. Bg5 Re6 34.
Bxe7 Rxe7 35. Ne4 Rg7 36. Ng5 Qf4 37. Qxg7+ Kxg7 38. Ne6+ Kh6 39. Nxf4 Rxf4 40.
Rg3 Rf2 41. axb4 axb4 42. Rh3+ Kg7 43. Rg2 Rf1+ 1/2-1/2

[Event "Benidorm 2013 - Torneo sub2300"]
[Site "Benidorm ESP"]
[Date "2013.12.03"]
[Round "6.13"]
[White "Saenz Narciso, Miguel Angel"]
[Black "Nava Pereda, Carlos"]
[Result "1/2-1/2"]
[WhiteElo "2191"]
[BlackElo "2273"]
[PlyCount "87"]
[EventDate "2013.11.29"]
[EventType "swiss"]
[EventRounds "10"]
[EventCountry "ESP"]
[Source "lmi"]
[SourceDate "2013.11.29"]

1. e4 Nc6 2. Nc3 e6 3. d4 Bb4 4. a3 Ba5 5. Nf3 d6 6. Bb5 a6 7. Bxc6+ bxc6 8. b4
Bb6 9. O-O a5 10. Bg5 Ne7 11. Na4 Ba6 12. Re1 O-O 13. Qc1 f6 14. Be3 axb4 15.
axb4 d5 16. e5 Nf5 17. c3 Bd3 18. Bf4 g5 19. Bg3 g4 20. Nh4 Nxg3 21. hxg3 Bb5
22. Nb2 Rxa1 23. Qxa1 f5 24. f4 Qa8 25. Rc1 Qb7 26. Nd1 Ra8 27. Qb2 Qa6 28. Kf2
Bd3 29. Ke3 Bc4 30. Nf2 Kg7 31. Qc2 Qa2 32. Nd3 Qa3 33. Rb1 Ra7 34. Kd2 Qa4 35.
Qxa4 Rxa4 36. Nc1 Ba7 37. Kc2 Kf7 38. Kb2 Bb8 39. Nb3 Ba7 40. Rh1 Kg7 41. Rb1
Bb6 42. Rd1 Kg8 43. Rb1 Kg7 44. Rd1 1/2-1/2

[Event "Benidorm 2013 - Torneo sub2300"]
[Site "Benidorm ESP"]
[Date "2013.12.03"]
[Round "6.15"]
[White "Garcia Ramos, Marcos"]
[Black "Carrascoso Morales, Abel"]
[Result "0-1"]
[WhiteElo "2131"]
[BlackElo "2300"]
[PlyCount "66"]
[EventDate "2013.11.29"]
[EventType "swiss"]
[EventRounds "10"]
[EventCountry "ESP"]
[Source "lmi"]
[SourceDate "2013.11.29"]

1. e4 c5 2. Nf3 d6 3. d4 cxd4 4. Nxd4 Nf6 5. Nc3 g6 6. Be3 Bg7 7. f3 Nc6 8. Qd2
O-O 9. O-O-O d5 10. Kb1 Rb8 11. Ndb5 a6 12. Na7 e6 13. f4 Qa5 14. e5 Ng4 15.
Bg1 f6 16. h3 Nh6 17. exf6 Bxf6 18. Ne2 Qxd2 19. Rxd2 Bd7 20. Nxc6 bxc6 21. c3
e5 22. Bc5 Bf5+ 23. Kc1 Rfd8 24. g4 Be4 25. Rg1 Nf7 26. g5 Bg7 27. Bg2 Bf5 28.
h4 exf4 29. Nxf4 Bd7 30. Rf1 Be5 31. Ne2 Bf5 32. Nd4 Be4 33. Re1 Bf4 0-1

[Event "Benidorm 2013 - Torneo sub2300"]
[Site "Benidorm ESP"]
[Date "2013.12.03"]
[Round "6.16"]
[White "Fidalgo Fernandez, Javier"]
[Black "Rubio Tapia, Jose Juan"]
[Result "1-0"]
[WhiteElo "2264"]
[BlackElo "2130"]
[PlyCount "62"]
[EventDate "2013.11.29"]
[EventType "swiss"]
[EventRounds "10"]
[EventCountry "ESP"]
[Source "lmi"]
[SourceDate "2013.11.29"]

1. d4 Nf6 2. Bg5 Ne4 3. Bf4 c5 4. f3 Qa5+ 5. c3 Nf6 6. Nd2 cxd4 7. Nb3 Qf5 8.
Bxb8 Rxb8 9. Qxd4 b6 10. e4 Qf4 11. Nh3 Qc7 12. e5 Ng8 13. O-O-O e6 14. Kb1 Ne7
15. f4 Nf5 16. Qd2 Be7 17. Bd3 g6 18. Nf2 f6 19. g4 Nh4 20. exf6 Bxf6 21. f5
Bb7 22. Ne4 Qe5 23. Nxf6+ Qxf6 24. g5 Qd8 25. fxe6 Bxh1 26. Qf4 Nf5 27. exd7+
Kf8 28. Bxf5 gxf5 29. Qxf5+ Kg7 30. Nd4 Rf8 31. Ne6+ Kg8 1-0

[Event "Benidorm 2013 - Torneo sub2300"]
[Site "Benidorm ESP"]
[Date "2013.12.03"]
[Round "6.17"]
[White "Shen ***, Yue"]
[Black "Riquelme Valero, Manuel Damian"]
[Result "1-0"]
[WhiteElo "2262"]
[BlackElo "2130"]
[PlyCount "53"]
[EventDate "2013.11.29"]
[EventType "swiss"]
[EventRounds "10"]
[EventCountry "ESP"]
[Source "lmi"]
[SourceDate "2013.11.29"]

1. d4 Nf6 2. c4 e6 3. g3 Bb4+ 4. Bd2 a5 5. Bg2 d6 6. Nc3 Nbd7 7. a3 Bxc3 8.
Bxc3 O-O 9. Qc2 a4 10. Nf3 Re8 11. Rd1 Qe7 12. O-O e5 13. dxe5 Nxe5 14. Nd2 h5
15. Ne4 Nxe4 16. Qxe4 Qe6 17. Qf4 Qg4 18. c5 Ra6 19. cxd6 cxd6 20. Rd4 b5 21.
Qe3 Qe6 22. Rh4 Nc4 23. Qg5 g6 24. Rxh5 Ne5 25. Rh4 f5 26. Qh6 Kf7 27. f4 1-0

[Event "Benidorm 2013 - Torneo sub2300"]
[Site "Benidorm ESP"]
[Date "2013.12.03"]
[Round "6.18"]
[White "Cano Gimenez, Vicente"]
[Black "Grau Brumos, Isidre"]
[Result "1-0"]
[WhiteElo "2260"]
[BlackElo "2109"]
[PlyCount "65"]
[EventDate "2013.11.29"]
[EventType "swiss"]
[EventRounds "10"]
[EventCountry "ESP"]
[Source "lmi"]
[SourceDate "2013.11.29"]

1. Nf3 Nf6 2. c4 c5 3. g3 Nc6 4. Bg2 g6 5. Nc3 Bg7 6. d4 cxd4 7. Nxd4 O-O 8.
O-O Qb6 9. Nb3 d6 10. Be3 Qd8 11. c5 Ne8 12. Qc1 dxc5 13. Nxc5 Nd6 14. Rd1 Rb8
15. Nb5 b6 16. Ne4 Ne5 17. Nexd6 exd6 18. Rxd6 Qe7 19. Rd1 Ba6 20. Nc3 Rbc8 21.
Qc2 Rfe8 22. Bd4 Qc7 23. Qa4 Bc4 24. b3 Be6 25. Nb5 Qc2 26. Nd6 Bd7 27. Qa6 Rc7
28. Nxe8 Bxe8 29. f4 Nc6 30. Bxg7 Qc5+ 31. Kh1 Nb4 32. Qa3 Kxg7 33. Rac1 1-0

[Event "Benidorm 2013 - Torneo sub2300"]
[Site "Benidorm ESP"]
[Date "2013.12.03"]
[Round "6.19"]
[White "Amdouni, Zoubaier"]
[Black "Sanchez Dengra, Jose Maria"]
[Result "1-0"]
[WhiteElo "2247"]
[BlackElo "2109"]
[PlyCount "51"]
[EventDate "2013.11.29"]
[EventType "swiss"]
[EventRounds "10"]
[EventCountry "ESP"]
[Source "lmi"]
[SourceDate "2013.11.29"]

1. e4 c5 2. Nf3 Nc6 3. d4 cxd4 4. Nxd4 e6 5. Nc3 d6 6. Bc4 Nf6 7. Be3 Be7 8.
Qe2 O-O 9. O-O-O a6 10. Bb3 Qc7 11. Rhg1 b5 12. g4 Nxd4 13. Bxd4 Nd7 14. g5 Nc5
15. Qh5 g6 16. Qh6 Nxb3+ 17. axb3 f6 18. h4 e5 19. Nd5 Qb7 20. h5 fxg5 21. hxg6
Bd8 22. Bb6 Qg7 23. gxh7+ Qxh7 24. Qxh7+ Kxh7 25. Bxd8 Rxd8 26. Rxg5 1-0

[Event "Benidorm 2013 - Torneo sub2300"]
[Site "Benidorm ESP"]
[Date "2013.12.03"]
[Round "6.21"]
[White "Varga, Mariano"]
[Black "Buenafe Moya, Javier"]
[Result "1-0"]
[WhiteElo "2113"]
[BlackElo "2227"]
[PlyCount "91"]
[EventDate "2013.11.29"]
[EventType "swiss"]
[EventRounds "10"]
[EventCountry "ESP"]
[Source "lmi"]
[SourceDate "2013.11.29"]

1. e3 e5 2. c4 f5 3. d4 d6 4. Nc3 Nf6 5. g3 Be7 6. Bg2 O-O 7. Nge2 Qe8 8. O-O
c6 9. b3 Qh5 10. f4 g5 11. h3 gxf4 12. exf4 exd4 13. Nxd4 Qg6 14. Kh2 Nh5 15.
Qf3 Bf6 16. Be3 Bd7 17. Rad1 Re8 18. Bf2 Na6 19. Nc2 Re6 20. g4 fxg4 21. hxg4
Qxc2 22. Rc1 Qd2 23. gxh5 Bxc3 24. Rxc3 Rf8 25. Bh3 Re7 26. Rd3 Qxf4+ 27. Qxf4
Rxf4 28. Rg1+ Rg7 29. Rxg7+ Kxg7 30. Bd4+ Rxd4 31. Rxd4 Be8 32. Rxd6 Bxh5 33.
Rd7+ Kg6 34. Rxb7 c5 35. Rxa7 Nb4 36. Bg2 Bd1 37. a3 Na2 38. Be4+ Kf6 39. b4
cxb4 40. axb4 Nxb4 41. c5 Ke5 42. c6 Bg4 43. c7 Kd6 44. Ra4 Kc5 45. Ra8 Kd4 46.
c8=Q 1-0

[Event "Benidorm 2013 - Torneo sub2300"]
[Site "Benidorm ESP"]
[Date "2013.12.03"]
[Round "6.22"]
[White "Mingarro Carceller, Sergi"]
[Black "Uran Bermudez, Oliver Kevin"]
[Result "1-0"]
[WhiteElo "2213"]
[BlackElo "2101"]
[PlyCount "103"]
[EventDate "2013.11.29"]
[EventType "swiss"]
[EventRounds "10"]
[EventCountry "ESP"]
[Source "lmi"]
[SourceDate "2013.11.29"]

1. e4 e5 2. Nf3 Nc6 3. d4 d6 4. Bb5 Bd7 5. Nc3 Nxd4 6. Bxd7+ Qxd7 7. Nxd4 exd4
8. Qxd4 Ne7 9. Bf4 Nc6 10. Qe3 O-O-O 11. O-O-O Be7 12. Nd5 Rhe8 13. Rhe1 Bf6
14. Bg3 Kb8 15. f4 Ne7 16. Bf2 Qa4 17. Nxf6 gxf6 18. Kb1 Nc6 19. Bh4 Rg8 20.
Re2 Rg6 21. f5 Rg4 22. Bxf6 Re8 23. Rde1 d5 24. e5 Nd4 25. Rf2 Re4 26. Qc1 Nc6
27. Rfe2 Nxe5 28. Rxe4 dxe4 29. b3 Qb4 30. Qe3 Ng4 31. Qc3 Qd6 32. Bh4 Qe5 33.
Qxe5 Rxe5 34. h3 Nh6 35. g4 b6 36. Kb2 Kb7 37. Kc3 c5 38. Kd2 Ng8 39. Ke3 Ne7
40. Bxe7 Rxe7 41. Kf4 Kc6 42. Rxe4 Rd7 43. Re2 c4 44. bxc4 Kc5 45. f6 Rd4+ 46.
Kg5 a5 47. Re7 Rxc4 48. Rc7+ Kb4 49. Rb7 b5 50. Rxf7 Rxc2 51. Rb7 Rc8 52. f7
1-0

[Event "Benidorm 2013 - Torneo sub2300"]
[Site "Benidorm ESP"]
[Date "2013.12.03"]
[Round "6.30"]
[White "Cardenas Serrano, Sergio"]
[Black "Simon Padros, Emili"]
[Result "1/2-1/2"]
[WhiteElo "2094"]
[BlackElo "2214"]
[PlyCount "57"]
[EventDate "2013.11.29"]
[EventType "swiss"]
[EventRounds "10"]
[EventCountry "ESP"]
[Source "lmi"]
[SourceDate "2013.11.29"]

1. e4 e6 2. d4 d5 3. Nc3 Bb4 4. e5 c5 5. Bd2 Ne7 6. Nb5 Bxd2+ 7. Qxd2 O-O 8. f4
cxd4 9. Nf3 Nbc6 10. O-O-O g6 11. Nbxd4 Qb6 12. c3 Nxd4 13. Nxd4 Nc6 14. Bd3
Nxd4 15. cxd4 f5 16. exf6 Rxf6 17. Kb1 Bd7 18. Rc1 Rff8 19. Rc5 Rac8 20. Rhc1
a6 21. Rxc8 Rxc8 22. Rxc8+ Bxc8 23. Qe3 Qd6 24. Qe5 Qxe5 25. fxe5 Kf7 26. Kc2
Ke7 27. Kb3 Kd7 28. Kb4 b6 29. g3 1/2-1/2

[Event "Benidorm 2013 - Torneo sub2300"]
[Site "Benidorm ESP"]
[Date "2013.12.03"]
[Round "6.34"]
[White "Bilquez, Romain"]
[Black "Pozanco Romasanta, Marc"]
[Result "0-1"]
[WhiteElo "2152"]
[BlackElo "2070"]
[PlyCount "54"]
[EventDate "2013.11.29"]
[EventType "swiss"]
[EventRounds "10"]
[EventCountry "ESP"]
[Source "lmi"]
[SourceDate "2013.11.29"]

1. e4 d6 2. d4 g6 3. Nf3 Bg7 4. Be2 a6 5. O-O Nf6 6. e5 dxe5 7. Nxe5 O-O 8. c3
Bf5 9. Qb3 Qc8 10. Bc4 e6 11. Re1 c5 12. dxc5 Qxc5 13. Qxb7 Be4 14. Rxe4 Nxe4
15. Qxe4 Qxe5 16. Qxa8 Qe1+ 17. Bf1 Qxc1 18. Qb7 Rd8 19. Qc7 Bf6 20. Qb6 Rd1
21. Qxb8+ Kg7 22. h3 Rxf1+ 23. Kh2 Rh1+ 24. Kg3 Qg5+ 25. Kf3 Rxb1 26. Rxb1 Qf5+
27. Qf4 Qxb1 0-1

[Event "Benidorm 2013 - Torneo sub2300"]
[Site "Benidorm ESP"]
[Date "2013.12.03"]
[Round "6.38"]
[White "Capote Robayna, Nathaniel"]
[Black "Garcia Garcia, Adrian Antonio"]
[Result "1/2-1/2"]
[WhiteElo "2128"]
[BlackElo "2050"]
[PlyCount "45"]
[EventDate "2013.11.29"]
[EventType "swiss"]
[EventRounds "10"]
[EventCountry "ESP"]
[Source "lmi"]
[SourceDate "2013.11.29"]

1. e4 e5 2. Nf3 d6 3. d4 exd4 4. Nxd4 a6 5. Be2 Nf6 6. Nc3 Be7 7. O-O O-O 8. f4
c5 9. Nf3 Nc6 10. a4 Re8 11. f5 b6 12. Bc4 Bb7 13. Bf4 Nb4 14. e5 Bxf3 15. Qxf3
dxe5 16. Bxe5 Nxc2 17. Rad1 Nd4 18. Qf4 Ra7 19. Kh1 Qc8 20. Bxd4 cxd4 21. Rxd4
Bc5 22. Rd3 Qc6 23. Nd5 1/2-1/2

[Event "Benidorm 2013 - Torneo sub2300"]
[Site "Benidorm ESP"]
[Date "2013.12.03"]
[Round "6.42"]
[White "Lopez Quevedo, Eduardo"]
[Black "Alonso Jimenez, Joan"]
[Result "1-0"]
[WhiteElo "2106"]
[BlackElo "1942"]
[PlyCount "31"]
[EventDate "2013.11.29"]
[EventType "swiss"]
[EventRounds "10"]
[EventCountry "ESP"]
[Source "lmi"]
[SourceDate "2013.11.29"]

1. Nf3 d5 2. d4 Nf6 3. Bf4 e6 4. e3 Be7 5. Bd3 Nbd7 6. Nbd2 c5 7. c3 O-O 8. Ne5
Re8 9. Ndf3 Nxe5 10. dxe5 Nd7 11. h4 f5 12. exf6 Bxf6 13. Ng5 Nf8 14. Qc2 e5
15. Bxh7+ Kh8 16. Nf7# 1-0

[Event "Benidorm 2013 - Torneo sub2300"]
[Site "Benidorm ESP"]
[Date "2013.12.03"]
[Round "6.43"]
[White "Martinez Ayesa, Aitor"]
[Black "Alvarez Pedrosa, Valeriano"]
[Result "1/2-1/2"]
[WhiteElo "2097"]
[BlackElo "1923"]
[PlyCount "46"]
[EventDate "2013.11.29"]
[EventType "swiss"]
[EventRounds "10"]
[EventCountry "ESP"]
[Source "lmi"]
[SourceDate "2013.11.29"]

1. d4 Nf6 2. Nf3 g6 3. c4 Bg7 4. g3 O-O 5. Bg2 d6 6. O-O Nc6 7. h3 e5 8. Nc3
exd4 9. Nxd4 Bd7 10. e3 Re8 11. b3 Nxd4 12. exd4 Bc6 13. d5 Bd7 14. Bb2 Bf5 15.
Qd2 a6 16. Rfe1 Rxe1+ 17. Rxe1 Qf8 18. g4 Bd7 19. Bf1 Re8 20. Bd3 Rxe1+ 21.
Qxe1 Qe8 22. Kf1 Qxe1+ 23. Kxe1 Kf8 1/2-1/2

[Event "Benidorm 2013 - Torneo sub2300"]
[Site "Benidorm ESP"]
[Date "2013.12.03"]
[Round "6.45"]
[White "Cebolla Moll, Ricardo"]
[Black "Cantero, Antonio"]
[Result "0-1"]
[WhiteElo "2040"]
[BlackElo "2262"]
[PlyCount "54"]
[EventDate "2013.11.29"]
[EventType "swiss"]
[EventRounds "10"]
[EventCountry "ESP"]
[Source "lmi"]
[SourceDate "2013.11.29"]

1. b4 e6 2. Bb2 Nf6 3. a3 c5 4. c3 d5 5. e3 Bd6 6. f4 c4 7. Nf3 b5 8. a4 bxa4
9. Rxa4 Nbd7 10. Be2 Qb6 11. Nd4 e5 12. fxe5 Nxe5 13. O-O O-O 14. Ra2 Neg4 15.
g3 Qb8 16. Qe1 Ne4 17. Rf3 Ne5 18. Rf4 g5 19. Rf5 Bxf5 20. Nxf5 a5 21. Nxd6
Qxd6 22. bxa5 Rfb8 23. Ba3 Qg6 24. Bb4 Ra6 25. Na3 Rf6 26. Nc2 Nf2 27. Nd4 Nh3+
0-1

[Event "Benidorm 2013 - Torneo sub2300"]
[Site "Benidorm ESP"]
[Date "2013.12.03"]
[Round "6.46"]
[White "Suarez Roa, Jose Francisco"]
[Black "Martin Martin, Luis Vicente"]
[Result "0-1"]
[WhiteElo "2162"]
[BlackElo "2031"]
[PlyCount "50"]
[EventDate "2013.11.29"]
[EventType "swiss"]
[EventRounds "10"]
[EventCountry "ESP"]
[Source "lmi"]
[SourceDate "2013.11.29"]

1. d4 d5 2. Nf3 Nf6 3. Bf4 c5 4. c3 Nc6 5. e3 Qb6 6. Qb3 c4 7. Qxb6 axb6 8.
Nbd2 b5 9. Ne5 Bf5 10. Nxc6 bxc6 11. a3 e6 12. Rc1 Nd7 13. Nf3 Be7 14. Ne5 Nxe5
15. Bxe5 f6 16. Bg3 c5 17. Be2 Kf7 18. O-O b4 19. axb4 cxb4 20. Ra1 b3 21. f3
Bc2 22. Rac1 Ra2 23. Rf2 Rxb2 24. Bd1 Rb1 25. Rxb1 Bxb1 0-1

[Event "Benidorm 2013 - Torneo sub2300"]
[Site "Benidorm ESP"]
[Date "2013.12.03"]
[Round "6.65"]
[White "De Lucas Bello, Federico"]
[Black "Ridameya Tatche, Jose Miguel"]
[Result "1/2-1/2"]
[WhiteElo "1946"]
[BlackElo "2021"]
[PlyCount "36"]
[EventDate "2013.11.29"]
[EventType "swiss"]
[EventRounds "10"]
[EventCountry "ESP"]
[Source "lmi"]
[SourceDate "2013.11.29"]

1. e4 e5 2. Nf3 Nc6 3. Bb5 a6 4. Ba4 Nf6 5. O-O Be7 6. Re1 b5 7. Bb3 Bb7 8. c3
d5 9. exd5 Nxd5 10. Nxe5 Nxe5 11. Rxe5 Nf4 12. d4 Nxg2 13. Bg5 f6 14. Bxf6 gxf6
15. Qh5+ Kd7 16. Qf5+ Ke8 17. Qh5+ Kd7 18. Qf5+ Ke8 1/2-1/2

[Event "Benidorm 2013 - Torneo sub2300"]
[Site "Benidorm ESP"]
[Date "2013.12.03"]
[Round "6.67"]
[White "Fernandez Rubio, Rafael"]
[Black "Larsen, Tor Ketil"]
[Result "0-1"]
[WhiteElo "2072"]
[BlackElo "1980"]
[PlyCount "51"]
[EventDate "2013.11.29"]
[EventType "swiss"]
[EventRounds "10"]
[EventCountry "ESP"]
[Source "lmi"]
[SourceDate "2013.11.29"]

1. e4 d6 2. d4 g6 3. f4 Bg7 4. Nf3 Nf6 5. Bd3 O-O 6. O-O Bg4 7. h3 Bxf3 8. Qxf3
c6 9. e5 Nd5 10. a3 Qb6 11. Qe4 Nd7 12. Kh1 Nc7 13. c3 c5 14. b4 cxd4 15. cxd4
d5 16. Qe3 f6 17. Bd2 Ne6 18. f5 Nxd4 19. fxg6 fxe5 20. Rxf8+ Rxf8 21. gxh7+
Kh8 22. Qg5 e4 23. Qxe7 Qe6 24. Qxe6 Nxe6 25. Bb5 Bxa1 26. Bxd7 0-1

[Event "Benidorm 2013 - Torneo sub2300"]
[Site "Benidorm ESP"]
[Date "2013.12.04"]
[Round "7.1"]
[White "Royset, Pal"]
[Black "Martinez Reyes, Pedro Ramon"]
[Result "1/2-1/2"]
[WhiteElo "2190"]
[BlackElo "2235"]
[PlyCount "129"]
[EventDate "2013.11.29"]
[EventType "swiss"]
[EventRounds "10"]
[EventCountry "ESP"]
[Source "lmi"]
[SourceDate "2013.11.29"]

1. e4 e6 2. d4 d5 3. Nc3 Nf6 4. e5 Nfd7 5. f4 c5 6. Nf3 Nc6 7. Be3 a6 8. Qd2 b5
9. Bd3 b4 10. Nd1 Qb6 11. dxc5 Bxc5 12. Bxc5 Nxc5 13. Qe3 a5 14. O-O Ba6 15.
Nf2 Na4 16. Qxb6 Nxb6 17. a3 Bxd3 18. Nxd3 Ke7 19. axb4 axb4 20. Kf2 Nc4 21.
Rfc1 Rhc8 22. Rxa8 Rxa8 23. b3 Nb6 24. c3 Rc8 25. cxb4 Nxb4 26. Rxc8 Nxd3+ 27.
Ke3 Nxc8 28. Kxd3 f6 29. Kd4 Kd7 30. f5 fxe5+ 31. Nxe5+ Ke7 32. fxe6 Kxe6 33.
Nd3 Kd6 34. g4 Na7 35. h4 Nb5+ 36. Ke3 Nc7 37. b4 Nb5 38. Kf4 Nd4 39. h5 Ne6+
40. Ke3 Nc7 41. Ne1 Ke5 42. Nf3+ Kf6 43. Kd4 g6 44. h6 g5 45. Ne5 Ke6 46. Nf3
Kf6 47. Kc5 Na6+ 48. Kb5 Nxb4 49. Kxb4 Kg6 50. Kc5 Kxh6 51. Kxd5 Kg7 52. Nxg5
h5 53. Ne6+ Kh6 54. g5+ Kg6 55. Ke4 h4 56. Kf3 Kf5 57. Kg2 Kxe6 58. Kh3 Kf5 59.
Kxh4 Kg6 60. Kg4 Kg7 61. Kf5 Kf7 62. g6+ Kg8 63. Kf6 Kf8 64. g7+ Kg8 65. Kg6
1/2-1/2

[Event "Benidorm 2013 - Torneo sub2300"]
[Site "Benidorm ESP"]
[Date "2013.12.04"]
[Round "7.2"]
[White "Acuna Celada, Ivan"]
[Black "Valmana Canto, Jaime"]
[Result "0-1"]
[WhiteElo "2163"]
[BlackElo "2298"]
[PlyCount "86"]
[EventDate "2013.11.29"]
[EventType "swiss"]
[EventRounds "10"]
[EventCountry "ESP"]
[Source "lmi"]
[SourceDate "2013.11.29"]

1. d4 Nf6 2. c4 c5 3. d5 e6 4. Nc3 exd5 5. cxd5 d6 6. e4 g6 7. f4 Bg7 8. Bb5+
Nfd7 9. Be2 O-O 10. Nf3 Na6 11. O-O Rb8 12. Nd2 Nc7 13. Nc4 Nf6 14. a4 a6 15.
Bf3 b5 16. axb5 axb5 17. Nxd6 Qxd6 18. e5 Qd8 19. exf6 Qxf6 20. Be3 Na6 21. Rf2
Bf5 22. g4 b4 23. Na4 Bd7 24. Nxc5 Nxc5 25. Bxc5 Rfe8 26. Ra7 Rbc8 27. Bxb4
Qxf4 28. Bc3 Bxc3 29. bxc3 Rxc3 30. Kg2 Bb5 31. d6 Rd3 32. d7 Rxd1 33. dxe8=Q+
Bxe8 34. Bxd1 Bc6+ 35. Kf1 Qd4 36. Rfxf7 Qxd1+ 37. Kf2 Qd2+ 38. Kg3 Qg2+ 39.
Kh4 Qxh2+ 40. Kg5 Qe5+ 41. Kh4 Qh2+ 42. Kg5 Qd2+ 43. Kh4 g5+ 0-1

[Event "Benidorm 2013 - Torneo sub2300"]
[Site "Benidorm ESP"]
[Date "2013.12.04"]
[Round "7.3"]
[White "Kultiyasov, Mikhail"]
[Black "Sabater Sanchez, Asensio"]
[Result "1-0"]
[WhiteElo "2188"]
[BlackElo "2151"]
[PlyCount "97"]
[EventDate "2013.11.29"]
[EventType "swiss"]
[EventRounds "10"]
[EventCountry "ESP"]
[Source "lmi"]
[SourceDate "2013.11.29"]

1. e4 Nf6 2. e5 Nd5 3. d4 d6 4. c4 Nb6 5. f4 dxe5 6. fxe5 Nc6 7. Be3 Bf5 8. Nc3
e6 9. Nf3 Qd7 10. d5 exd5 11. cxd5 Nb4 12. Nd4 N6xd5 13. Nxd5 Nxd5 14. Nxf5
O-O-O 15. Qd3 g6 16. Ng3 Bb4+ 17. Kf2 Rhe8 18. a3 Ba5 19. b4 Rxe5 20. bxa5 Rxe3
21. Qd4 Qe7 22. Be2 Rxa3 23. Rxa3 Qxa3 24. a6 b6 25. Rd1 c6 26. Rd3 Qxa6 27.
Qg4+ f5 28. Rxd5 fxg4 29. Bxa6+ Kc7 30. Rxd8 Kxd8 31. Be2 h5 32. Bd3 h4 33. Nf1
g5 34. Bf5 Ke7 35. Ke3 Kd6 36. Kd4 b5 37. Bxg4 c5+ 38. Ke4 a5 39. Be2 Kc6 40.
Nd2 a4 41. Kd3 Kb6 42. Kc3 Ka5 43. Ne4 Kb6 44. Nd6 b4+ 45. Kc4 b3 46. Kc3 Kc6
47. Ne4 g4 48. Bxg4 Kd5 49. Nd2 1-0